B. D. Matthiae Wasmuthi Hebraismus Facilitati & Integritati fuae Restitus: I. Nova Grammatica, compediosa fimul & absolutissima... II. Accentuationis Hebraeae Institutione... III. Vindiciis Sacrae Scriptutae Hebraeae...

Bibliographic Details
Main Author: Wasmuth, Matthias, 1625-1688 (Author)
Other Authors: Opitz, Heinrich, 1642-1712 (Editor), Friedlein, Johann (Engraver)
Format: Book
Language:Latin
PhysicalDescription:[28], 199, [5] s. frontispice 21 cm
Published: Lipsiae & Francofurti Sumptibus Joh. Casp. Meyeri, Bibliop. Lips Anno MDXCV. [=1695]
Subjects:

MARC

LEADER 00000nam a2200000 a 4500
001 vtls011589197
003 SK-MaSNL
005 20260301180915.0
008 251112s1695 gw 000 0 lat
015 |a SNBHFA1695 
020 |q (viaz.) 
035 |a 0ECEF639-F6B9-46F4-BC64-CC61C683838E 
035 |a urn:nbn:sk:snk-am3h9u2 
035 |a urn:nbn:sk:snk-am00crba 
040 |a SNKHF  |b slo  |c SNK  |e AACR2 
041 0 |a lat 
044 |a gw  |c DE 
072 7 |a 811.1/.8  |x Rôzne jazyky  |2 konspekt 
080 |a 811.1/.9  |2 2011 
080 |a 811.411.16  |2 2001 
080 |a (075)  |2 2011 
100 1 |a Wasmuth, Matthias,  |d 1625-1688  |4 aut  |9 552745 
245 1 0 |a B. D. Matthiae Wasmuthi Hebraismus Facilitati & Integritati fuae Restitus: I. Nova Grammatica, compediosa fimul & absolutissima... II. Accentuationis Hebraeae Institutione... III. Vindiciis Sacrae Scriptutae Hebraeae... 
246 3 0 |a Hebraismus Facilitati & Integritati fuae Restitus 
260 |a Lipsiae & Francofurti  |b Sumptibus Joh. Casp. Meyeri, Bibliop. Lips  |c Anno MDXCV. [=1695] 
300 |a [28], 199, [5] s.  |b frontispice  |c 21 cm 
500 |a Frontispis: portálový rám s ilustráciami zobrazujúcimi biblické motívy 
500 |a Živé záhlavie, kapitálky na štyri riadky tlačené s pozadím, kustódy, titulný list tlačený čiernou aj červenou farbou 
508 |a Predslov autora, frontispis signovaný J. Friedlein fac. 
546 |a Latinčina  |a Hebrejčina  |b Antikva  |b Kurzíva 
561 |a Z knižnice Učenej spoločnosti malohontskej.  |5 SNK IC 143049 
562 |a Na poslednom liste rukopisné poznámky.  |5 SNK IC 143049 
563 |a Pergamenová väzba.  |5 SNK IC 143049 
650 0 7 |a cudzie jazyky  |2 SNKPH  |9 69722 
650 0 7 |a hebrejčina  |2 SNKPH  |9 1387 
655 7 |a učebnice  |2 SNKPH  |9 22521 
700 1 |a Opitz, Heinrich,  |d 1642-1712  |4 edt  |9 351775 
700 1 |a Friedlein, Johann  |4 egr  |9 552746 
700 1 |a Raue, Christian,  |d 1613-1677  |4 hnr  |9 552747 
700 1 |a Hottinger, Johann Heinrich,  |d 1620-1667  |4 hnr  |9 367585 
700 1 |a Essen, Andreas van,  |d 1618-1677  |4 dte  |9 552748 
700 1 |a Voet, Gijsbert,  |d 1589-1676  |4 dte  |9 552749 
700 1 |a Leusden, Jan,  |d 1624-1699  |4 dte  |9 552750 
700 0 |a Christian Albrecht,  |c vojvoda šlezvicko-holštajnský, biskup z Lübecku,  |d 1641-1695  |4 hnr  |9 552751 
710 0 |a Meyer, Johann Kaspar (Lipsko, Nemecko),  |d 1682-1706  |4 pbl  |9 552752 
710 1 |a Učená spoločnosť malohontská  |4 fmo  |9 205374 
752 |a Nemecko  |d Lipsko 
852 |a snk  |b Historické fondy  |p IC 143049 
958 |a ONDV 
999 |c 848039  |d 849969 
952 |t I.C.1  |a SNK  |b SNK  |c SNK_HF  |y PREZ  |7 0  |p 17A1128650  |o snkIC 143049  |i snk2016/25354  |8 5  |0 0  |1 0  |4 0  |d 2016-10-26  |f 1  |l 0  |r 2026-02-24 04:32:48  |w 2026-02-24